El mundo entre tierra y cielo (Registro nro. 250)

Detalles MARC
000 -Cabecera
Campo de control interno 00656nam a2200217Ia 4500
005 - Fecha y hora del registro
control field 20251205092135.0
008 - Elementos de Longitud Fija
fixed length control field 251203t2014||||xx |||||||||||||| ||spa||
020 ## - ISBN
ISBN 9788416127153
041 ## - Idioma
Codigo Idioma ESP
082 ## - DEWEY y NOTACIÓN INTERNA
Dewey 910
Notación Interna L31
100 ## - AUTOR
Autor denominación Lavagno, Enrico,
Títulos y otras palabras asociadas con el nombre AUT
245 #0 - TÍTULO DE MATERIAL BIBLIOGRÁFICO
Título El mundo entre tierra y cielo
260 ## - CIUDAD, EDITORIAL, AÑO
Ciudad [Barcelona, Estados Unidos]
Nombre de la Editorial Luppa Solutions,
Año 2014
300 ## - DESCRIPCIÓN
N° Páginas 223 páginas :
Otros detalles fotografías ;
Dimensiones 16 cm.
500 ## - NOTA GENERAL
Nota General Lugar: [Barcelona, Estados Unidos] tomado del catálogo colectivo Worldcat
650 ## - TEMAS
Temas Geografía
653 ## - DESCRIPTORES
Lenguajes no controlado Descripciones y viajes; Obras ilustradas
654 ## - PROGRAMAS
Programa Todos los programas
942 ## - ELEMENTOS DE KOHA
Tipo de documento Libro
Nombre del creador Justo Noguera
Código de catalogador Margarita Torres
Esquema de clasificación Dewey Decimal Classification
Existencias
Codigo completo Registro Colección Copia número Disponibilidad Tipo de préstamo Biblioteca Actual Procedencia (Biblioteca) Ubicacón Fecha Ingreso Tipo de Adquisición Date last seen Total checkouts Price effective from Tipo de Item Estado del Material Fuente de Clasificación Damaged status Withdrawn status
910 L31 1085123 Colección Vera Bejar 1   Restringido Víctor Andrés Belaunde Víctor Andrés Belaunde Planta baja cerrada 03/12/2025 Donación 03/12/2025   03/12/2025 Libro Bueno Dewey Decimal Classification   Withdrawn